=LDR 00000nam 2200000 4500 =001 INLIS000000000036393 =005 20140524135051.0 =006 =007 =008 Ind =035 ##$$a 0010-061300000036393 =041 ##$$a Ind =082 ##$$a 616.716 =090 ##$$a 616.716, Wal s =100 ##$$a Waluyo, Srikandi =245 ##$$a 100 questions dan answers osteoporosis$c Srikandi Waluyo ; editor, Budhi M.P =260 ##$$a 2009 $b Jakarta =300 ##$$a xix, 146 hlm, 19 cm =650 ##$$a Osteoporosis =700 ##$$a Budhi, M.P =850 ##$$a NBPNMAT =990 ##$$a 21400613/BPAP-NTB/20142014 =990 ##$$a 0001/BPAP-NTB/20142014